Normal view
MARC view
Entry Personal Name
001 - CONTROL NUMBER
- control field: 596641
003 - CONTROL NUMBER IDENTIFIER
- control field:
005 - DATE AND TIME OF LATEST TRANSACTION
- control field: 20210603112431.0
008 - FIXED-LENGTH DATA ELEMENTS
- fixed length control field: 210603|| aca||aabn | a|a d
040 ## - CATALOGING SOURCE
- Original cataloging agency:
- Transcribing agency:
100 ## - HEADING--PERSONAL NAME
- Personal name: Bombelles, Joseph T
670 ## - SOURCE DATA FOUND
- Source citation: Work cat.: (): Bombelles, Joseph T., Economic development of Communist Yugoslavia, 1947-1964 /, 1968
